[Event "XI Open B Primavera"]
[Site "Robecchetto con Induno ITA"]
[Date "2014.05.05"]
[Round "5"]
[White "Puricelli, Roberto"]
[Black "Garcia Rubi, Juan"]
[WhiteElo "1489"]
[BlackElo "1413"]
[Result "1-0"]
[PlyCount "57"]
[EventDate "2014.04.10"]

1. e4 e5 2. Nf3 Nc6 3. Bc4 Bc5 4. O-O Nf6 5. Nc3 O-O 6. d3 d6 7. h3 Na5 8. Bg5
Nxc4 9. dxc4 c6 10. a3 Be6 11. b4 Bb6 12. Qd3 Qd7 13. Bxf6 gxf6 14. Nh4 Bd4 15.
Rad1 Kh8 16. Ne2 Bb6 17. c5 Bc7 18. cxd6 Bb6 19. c4 c5 20. b5 a6 21. a4 axb5
22. axb5 Rad8 23. Ng3 Ra8 24. Nhf5 Bd8 25. Ra1 Rxa1 26. Rxa1 Bb6 27. Ra4 Bxf5
28. Nxf5 Qe6 29. Qg3 1-0

[Event "XI Open B Primavera"]
[Site "Robecchetto con Induno ITA"]
[Date "2014.05.29"]
[Round "5"]
[White "Vanzini, Mario"]
[Black "Koureas, Panicos"]
[WhiteElo "1422"]
[BlackElo "1438"]
[Result "1-0"]
[PlyCount "133"]
[EventDate "2014.04.10"]

1. d4 d6 2. c4 Nf6 3. Nc3 c6 4. Bg5 e6 5. e4 Be7 6. Bd3 Qa5 7. Bd2 Qb6 8. Nf3
Nbd7 9. b3 e5 10. d5 Nc5 11. Bc2 Bg4 12. Be3 Qb4 13. Bd2 Qb6 14. O-O Qc7 15. b4
Ncd7 16. Bd3 c5 17. b5 Nb6 18. Be2 O-O 19. a4 Bxf3 20. Bxf3 Nxc4 21. Be1 Nd7
22. Rb1 b6 23. Qd3 Na5 24. Ne2 c4 25. Qc2 Rac8 26. Bc3 Nf6 27. Ng3 g6 28. Qd2
Qd7 29. Qh6 Ng4 30. Qd2 Nb3 31. Qd1 Nf6 32. h4 Kg7 33. h5 Ng8 34. hxg6 Qe8 35.
gxh7 Nh6 36. Nf5+ Nxf5 37. exf5 Rh8 38. Be4 Bf6 39. Qg4+ Kf8 40. Qh5 Ke7 41. g4
Qf8 42. Kh1 Qg7 43. g5 Qxg5 44. Qxg5 Rxh7+ 45. Kg2 Bxg5 46. f6+ Bxf6 47. Bxh7
Rh8 48. Rh1 Bg5 49. Bc2 Rg8 50. Kf3 Nc5 51. Rbe1 Bf6 52. Bb4 Nb3 53. Bxb3 cxb3
54. Rb1 Rc8 55. Rxb3 Rc4 56. a5 e4+ 57. Kg2 Bd4 58. Rh4 Bf6 59. Rg4 Rd4 60. Bc3
Rxd5 61. Bxf6+ Kxf6 62. Rxe4 bxa5 63. Ra4 Rg5+ 64. Kf1 Rc5 65. Rxa5 Ke7 66.
Rxa7+ Ke6 67. b6 1-0

[Event "XI Open B Primavera"]
[Site "Robecchetto con Induno ITA"]
[Date "2014.05.26"]
[Round "6"]
[White "Frignani, Alessandro"]
[Black "Garcia Rubi, Juan"]
[WhiteElo "1409"]
[BlackElo "1413"]
[Result "1-0"]
[PlyCount "145"]
[EventDate "2014.04.10"]

1. e4 c5 2. f4 Nc6 3. Nf3 e6 4. g3 g6 5. Bg2 Bg7 6. Qe2 d6 7. Nc3 Nge7 8. d3
Nd4 9. Qd2 b6 10. Nxd4 Bxd4 11. Ne2 Bg7 12. c3 Bb7 13. d4 cxd4 14. Nxd4 Qd7 15.
Qe2 Nc6 16. Nb3 Rc8 17. Bd2 a6 18. Qe3 Qc7 19. Bf1 b5 20. Be2 Na5 21. O-O Nc4
22. Bxc4 bxc4 23. Nd4 O-O 24. b4 Bc6 25. h3 Rb8 26. g4 Rfe8 27. Rae1 e5 28. Ne2
exf4 29. Qxf4 Rxe4 30. Qg3 Rbe8 31. Nc1 Be5 32. Qf2 Rxe1 33. Rxe1 Rf8 34. Ne2
f5 35. g5 Be4 36. Nd4 Qe7 37. h4 d5 38. Nc6 Qd6 39. Nxe5 Qxe5 40. Qf4 Qxf4 41.
Bxf4 Kf7 42. Kf2 Ke6 43. Ke3 Kd7 44. Kd4 Kc6 45. a4 Rf7 46. Ke5 Rb7 47. Be3 Kd7
48. Kf6 Ke8 49. Re2 Rf7+ 50. Ke5 Re7+ 51. Kd4 Rc7 52. Bf4 Rc8 53. Rb2 Kd7 54.
b5 axb5 55. axb5 Rc7 56. Bxc7 Kxc7 57. Kc5 f4 58. Ra2 Kb7 59. b6 d4 60. Ra7+
Kb8 61. Kxd4 Bb7 62. Kxc4 f3 63. Kd3 Kc8 64. c4 Kb8 65. c5 Kc8 66. Ke3 Kb8 67.
c6 Bxc6 68. Rxh7 Kc8 69. Rg7 f2 70. Kxf2 Be4 71. Ke3 Bc6 72. Rxg6 Kb7 73. Rxc6
1-0

[Event "XI Open B Primavera"]
[Site "Robecchetto con Induno ITA"]
[Date "2014.05.05"]
[Round "6"]
[White "Koureas, Panicos"]
[Black "Sartorio, Alessandro"]
[WhiteElo "1438"]
[BlackElo "1339"]
[Result "1-0"]
[PlyCount "80"]
[EventDate "2014.04.10"]

1. g3 Nf6 2. Bg2 g6 3. e4 d6 4. d3 Bg7 5. Nf3 Nbd7 6. O-O O-O 7. Re1 Re8 8. Nc3
c6 9. h3 b5 10. a3 Ne5 11. Nh2 Be6 12. f4 Ned7 13. Be3 d5 14. e5 Nh5 15. Bf2
Bh6 16. Ne2 f5 17. Nd4 Nc5 18. Nxc6 Qc7 19. Nd4 Bc8 20. Nxb5 Qb6 21. Nd4 Ne6
22. Bxd5 Rb8 23. Nc6 Qb7 24. Nb4 Qc7 25. Bxe6+ Bxe6 26. Na6 Qb7 27. Nxb8 Qxb8
28. b4 Bd5 29. c4 Bb7 30. c5 Qd8 31. Qb3+ Bd5 32. Qc2 Bxf4 33. gxf4 Nxf4 34.
Re3 Qa8 35. c6 Bxc6 36. Qc4+ Kf8 37. Qxf4 Bh1 38. Nf3 Bxf3 39. Rxf3 g5 40.
Qxf5+ Kg8 1-0

[Event "XI Open B Primavera"]
[Site "Robecchetto con Induno ITA"]
[Date "2014.05.08"]
[Round "6"]
[White "Nava, Mario"]
[Black "Puricelli, Roberto"]
[WhiteElo "1234"]
[BlackElo "1489"]
[Result "0-1"]
[PlyCount "104"]
[EventDate "2014.04.10"]

1. Nf3 e6 2. d4 d5 3. e3 c5 4. Bb5+ Bd7 5. Bxd7+ Nxd7 6. c3 Ngf6 7. O-O b5 8.
Nbd2 Be7 9. e4 dxe4 10. Ng5 cxd4 11. cxd4 O-O 12. Ngxe4 Nxe4 13. Nxe4 Nf6 14.
Ng3 Nd5 15. Qe2 a6 16. Bd2 Bf6 17. Bc3 Qb6 18. Qg4 g6 19. Nh5 Bg7 20. Nxg7 Kxg7
21. Bd2 h5 22. Qe4 Qd6 23. Rae1 Rac8 24. Rc1 Rfe8 25. Qe5+ Qxe5 26. dxe5 Nb6
27. b3 Nd7 28. Rfe1 Rxc1 29. Bxc1 Rc8 30. g3 Rc2 31. a4 bxa4 32. bxa4 Nxe5 33.
Rxe5 Rxc1+ 34. Kg2 Rc6 35. h4 f6 36. Re4 Kf7 37. Rb4 f5 38. Kf3 e5 39. a5 Rc3+
40. Kg2 Ra3 41. Rb7+ Kf8 42. Rb8+ Kg7 43. Rb7+ Kh6 44. Rb8 Rxa5 45. Rb6 e4 46.
Re6 Ra2 47. Kf1 a5 48. Rb6 a4 49. Ke1 a3 50. Ra6 Ra1+ 51. Ke2 a2 52. Kd2 Rf1
0-1

[Event "XI Open B Primavera"]
[Site "Robecchetto con Induno ITA"]
[Date "2014.05.15"]
[Round "7"]
[White "Garcia Rubi, Juan"]
[Black "Nava, Mario"]
[WhiteElo "1413"]
[BlackElo "1234"]
[Result "0-1"]
[PlyCount "74"]
[EventDate "2014.04.10"]

1. e4 c5 2. Nf3 e6 3. d4 cxd4 4. Nxd4 Nf6 5. Nc3 d6 6. Bb5+ Bd7 7. O-O Bxb5 8.
Ndxb5 Be7 9. Be3 a6 10. Nd4 O-O 11. f4 d5 12. e5 Ne4 13. Qf3 Nxc3 14. bxc3 Qc7
15. Bd2 Nd7 16. Qg3 Nc5 17. Rf3 Ne4 18. Qe1 Nxd2 19. Qxd2 Rac8 20. Rb1 Bc5 21.
Kh1 Bxd4 22. Qxd4 b5 23. g4 Qa5 24. Rg1 Qxa2 25. Qd2 Qa5 26. f5 Qb6 27. f6 h6
28. g5 h5 29. fxg7 Kxg7 30. Rh3 d4 31. Qf2 Qb7+ 32. Rg2 f6 33. gxf6+ Kf7 34.
Rxh5 Qe4 35. cxd4 Rg8 36. Kg1 Rxg2+ 37. Qxg2 Qe1+ 0-1

[Event "XI Open B Primavera"]
[Site "Robecchetto con Induno ITA"]
[Date "2014.05.15"]
[Round "7"]
[White "Vanzini, Mario"]
[Black "Frignani, Alessandro"]
[WhiteElo "1422"]
[BlackElo "1409"]
[Result "0-1"]
[PlyCount "120"]
[EventDate "2014.04.10"]

1. d4 d5 2. c4 c6 3. Nf3 b6 4. Nbd2 Ba6 5. e3 Qd6 6. Be2 Nf6 7. O-O Ne4 8. c5
bxc5 9. Bxa6 Nxa6 10. Qe2 Nc7 11. Nb3 c4 12. Nbd2 Qg6 13. Ne5 Qe6 14. f4 f5 15.
Ndf3 h6 16. Nh4 h5 17. Nhg6 Rh6 18. Nxf8 Kxf8 19. Nf3 Nb5 20. a4 Nbd6 21. Bd2
a5 22. Qe1 Nxd2 23. Qxd2 Ne4 24. Qe1 g6 25. Qh4 Kg7 26. h3 Rb8 27. Rab1 Qf6 28.
Qe1 Rb4 29. Qd1 Rh8 30. Ne5 Qd6 31. g4 Ng3 32. Rf2 hxg4 33. Rh2 gxh3 34. Qf3
Ne4 35. Qd1 Rb3 36. Qe1 Rb4 37. Qd1 c5 38. dxc5 Qxc5 39. Nd7 Qxe3+ 40. Kh1 Nf2+
41. Rxf2 Qxf2 42. Qg1 Qf3+ 43. Kh2 Qxf4+ 44. Qg3 Qxg3+ 45. Kxg3 h2 46. Rh1 Rxb2
47. Nc5 e5 48. Ne6+ Kf6 49. Nc7 d4 50. Nd5+ Ke6 51. Nc7+ Kd6 52. Nb5+ Kc5 53.
Nc7 c3 54. Ne6+ Kd6 55. Ng5 Kc5 56. Nf7 Rh5 57. Nxe5 Ra2 58. Nd3+ Kc4 59. Ne5+
Kb4 60. Nxg6 Rg5+ 0-1

[Event "XI Open B Primavera"]
[Site "Robecchetto con Induno ITA"]
[Date "2014.05.19"]
[Round "8"]
[White "Frignani, Alessandro"]
[Black "Nava, Mario"]
[WhiteElo "1409"]
[BlackElo "1234"]
[Result "0-1"]
[PlyCount "80"]
[EventDate "2014.04.10"]

1. e4 c5 2. f4 e6 3. Nf3 Nc6 4. g3 Nge7 5. Bg2 Ng6 6. b3 d6 7. Bb2 e5 8. f5
Nge7 9. Qe2 Nd4 10. Qd3 Nec6 11. c3 Nxf3+ 12. Bxf3 Be7 13. Na3 a6 14. Nc4 b5
15. Ne3 Bb7 16. a3 Bg5 17. c4 Bxe3 18. dxe3 Qf6 19. O-O-O O-O 20. Qxd6 Qg5 21.
Qxc5 bxc4 22. b4 Ne7 23. Bxe5 Nxf5 24. Bf4 Rac8 25. Qb6 Qe7 26. Rhf1 Bxe4 27.
g4 Bxf3 28. Rxf3 Nh4 29. Rg3 Rfe8 30. Rd4 Ng6 31. Bd6 Qf6 32. h3 c3 33. Qxa6
Qf2 34. Qd3 Qb2+ 35. Kd1 c2+ 36. Ke2 c1=Q+ 37. Kf3 Nh4+ 38. Kf4 Qf2+ 39. Kg5
Qf6+ 40. Kh5 Qh6# 0-1

[Event "XI Open B Primavera"]
[Site "Robecchetto con Induno ITA"]
[Date "2014.05.22"]
[Round "8"]
[White "Vanzini, Mario"]
[Black "Sartorio, Alessandro"]
[WhiteElo "1422"]
[BlackElo "1339"]
[Result "0-1"]
[PlyCount "94"]
[EventDate "2014.04.10"]

1. d4 Nf6 2. c4 g6 3. Nc3 d6 4. Nf3 Bg7 5. e4 O-O 6. Bd3 Nbd7 7. O-O a6 8. b4
b6 9. Re1 Re8 10. Bb2 Rb8 11. a4 c5 12. b5 a5 13. Ne2 e5 14. dxe5 dxe5 15. Ng3
Ng4 16. h3 Nh6 17. Bc1 Kh8 18. Bg5 f6 19. Be3 Ng8 20. Qc1 Nf8 21. Rd1 Ne6 22.
Bc2 Qc7 23. Ra3 Nf4 24. Bxf4 exf4 25. Ne2 Bh6 26. Nc3 Bb7 27. Nd5 Bxd5 28. cxd5
c4 29. d6 Qc5 30. Rd5 Qb4 31. Qa1 Bg7 32. Qa2 Rbd8 33. Nd4 Qe1+ 34. Kh2 Qxf2
35. Nc6 Rd7 36. Rf3 Qe2 37. Rxf4 g5 38. Rf3 Rxe4 39. Qb1 Rf4 40. Rxf4 gxf4 41.
Bf5 f3 42. Kg3 Qxg2+ 43. Kf4 Bh6+ 44. Ke4 f2+ 45. Kd4 f1=Q 46. Qxf1 Qxf1 47.
Bxd7 Qd3# 0-1

[Event "XI Open B Primavera"]
[Site "Robecchetto con Induno ITA"]
[Date "2014.05.19"]
[Round "9"]
[White "Garcia Rubi, Juan"]
[Black "Koureas, Panicos"]
[WhiteElo "1413"]
[BlackElo "1438"]
[Result "1/2-1/2"]
[PlyCount "122"]
[EventDate "2014.04.10"]

1. e4 e5 2. Nf3 Nc6 3. Bb5 a6 4. Bxc6 bxc6 5. d4 d6 6. dxe5 Bg4 7. exd6 Bxd6 8.
O-O Qf6 9. e5 Bxe5 10. Re1 Ne7 11. h3 Rd8 12. Qe2 Bxf3 13. Qxf3 Qxf3 14. gxf3
f6 15. c3 O-O 16. Be3 Rfe8 17. Nd2 Nf5 18. Nc4 Nh4 19. Nxe5 Rxe5 20. Re2 Nxf3+
21. Kg2 Nh4+ 22. Kf1 Nf5 23. Rae1 Nd6 24. Bf4 Rxe2 25. Rxe2 Nb5 26. a4 Rd1+ 27.
Re1 Rxe1+ 28. Kxe1 Nd6 29. Bxd6 cxd6 30. f4 Kf7 31. Ke2 Ke6 32. Ke3 Kd5 33. Kd3
g5 34. fxg5 fxg5 35. b4 h5 36. c4+ Ke5 37. Ke3 g4 38. hxg4 hxg4 39. b5 cxb5 40.
axb5 axb5 41. cxb5 g3 42. Kf3 Kd5 43. Kxg3 Kc5 44. b6 Kxb6 45. Kf3 Kc5 46. Ke3
Kc4 47. Kd2 Kd4 48. Ke2 d5 49. Kd2 Kc4 50. Kc2 d4 51. Kd2 Kd5 52. Kd3 Ke5 53.
Kd2 Ke4 54. Ke2 d3+ 55. Kd2 Kd4 56. Kd1 Ke3 57. Ke1 Kd4 58. Kd2 Kc4 59. Kd1 Kc3
60. Kc1 Kb3 61. Kd2 Kc4 1/2-1/2

[Event "XI Open B Primavera"]
[Site "Robecchetto con Induno ITA"]
[Date "2014.05.29"]
[Round "9"]
[White "Sartorio, Alessandro"]
[Black "Frignani, Alessandro"]
[WhiteElo "1339"]
[BlackElo "1409"]
[Result "0-1"]
[PlyCount "72"]
[EventDate "2014.04.10"]

1. e4 e5 2. Nf3 Qf6 3. Bc4 Bc5 4. Nc3 c6 5. O-O Be7 6. d3 Qg6 7. Nxe5 Qf6 8.
Ng4 Qd6 9. e5 Qb4 10. Qf3 f6 11. a3 Qb6 12. Re1 d5 13. exd6 Bxg4 14. Qxg4 Nd7
15. dxe7 g6 16. Qe6 Ne5 17. Qd6 Rc8 18. Qe6 Nxc4 19. Qf7+ Kxf7 20. Na4 Qb5 21.
Nc3 Qc5 22. dxc4 Nxe7 23. Ne4 Qe5 24. f4 Qd4+ 25. Kh1 Rcd8 26. Bd2 Qxc4 27. Bb4
Nc8 28. Rad1 Rxd1 29. Rxd1 Qxe4 30. h3 Re8 31. Rf1 Qxc2 32. Bc3 Nb6 33. f5 g5
34. Bd4 c5 35. Bg1 Re2 36. Bf2 Rxf2 0-1

[Event "VI Festival A"]
[Site "Roseto degli Abruzzi ITA"]
[Date "2014.06.01"]
[Round "?"]
[White "Bria, Simone"]
[Black "Bighiu, Gheorghe"]
[WhiteElo "1815"]
[BlackElo "1989"]
[Result "0-1"]
[PlyCount "88"]
[EventDate "2014.05.30"]

1. e4 e5 2. f4 exf4 3. Nf3 g5 4. Bc4 g4 5. O-O gxf3 6. Qxf3 Qf6 7. e5 Qf5 8. d4
d5 9. Bxd5 c6 10. Be4 Qg4 11. Qb3 Bh6 12. Nc3 Ne7 13. d5 O-O 14. dxc6 Nbxc6 15.
Bxc6 bxc6 16. Ne4 Nd5 17. c4 Qe2 18. cxd5 Qxe4 19. dxc6 Qxe5 20. Bd2 Qc5+ 21.
Kh1 Qxc6 22. Bxf4 Bxf4 23. Rxf4 Qh6 24. Raf1 Be6 25. Qe3 Kh8 26. R1f3 Rad8 27.
Qe1 Rd5 28. Rf6 Qg7 29. h3 Rg8 30. Qf2 Rd7 31. a3 Bd5 32. R3f4 Qxg2+ 33. Qxg2
Rxg2 34. R4f5 Rg5+ 35. Kh2 Rxf5 36. Rxf5 Bb3 37. Rf2 a5 38. Kg3 Rd3+ 39. Kh4
Be6 40. Rh2 a4 41. Rh1 Rxh3+ 42. Rxh3 Bxh3 43. Kxh3 Kg7 44. Kg4 Kf6 0-1

[Event "VI Festival A"]
[Site "Roseto degli Abruzzi ITA"]
[Date "2014.05.30"]
[Round "1"]
[White "Baltzopoulos, Giorgos"]
[Black "Di Lascio, Savino"]
[WhiteElo "2003"]
[BlackElo "1878"]
[Result "1-0"]
[PlyCount "61"]
[EventDate "2014.05.30"]

1. d4 Nf6 2. c4 c5 3. d5 b5 4. cxb5 a6 5. Nc3 g6 6. e4 d6 7. Nf3 Nbd7 8. Be2
Bg7 9. O-O O-O 10. Qc2 Ne8 11. Bf4 axb5 12. Bxb5 Qb6 13. Rab1 Nc7 14. Bc6 Ra6
15. Rfe1 Nb8 16. Ba4 Qa7 17. Bb3 Bd7 18. Bc4 Rb6 19. Rbd1 Nba6 20. e5 Bf5 21.
Qc1 Rfb8 22. b3 Rd8 23. h3 Bd7 24. Ne4 Bb5 25. Ned2 Nb4 26. a4 Nbxd5 27. exd6
Bxc4 28. dxc7 Nxc7 29. Nxc4 Rxd1 30. Qxd1 Rf6 31. Qd8+ 1-0

[Event "VI Festival A"]
[Site "Roseto degli Abruzzi ITA"]
[Date "2014.05.30"]
[Round "1"]
[White "Bizzarro, Sofia"]
[Black "Tribuiani, Renato"]
[WhiteElo "1824"]
[BlackElo "1974"]
[Result "1/2-1/2"]
[PlyCount "85"]
[EventDate "2014.05.30"]

1. e4 Nc6 2. d4 e5 3. dxe5 Nxe5 4. Nf3 Bb4+ 5. Bd2 Qe7 6. Nc3 Nf6 7. Nxe5 Qxe5
8. Bd3 d6 9. h3 Bd7 10. Qe2 a6 11. a3 Ba5 12. O-O-O O-O 13. f4 Qe7 14. e5 Ne8
15. Qe4 g6 16. Nd5 Bxd2+ 17. Rxd2 Qd8 18. exd6 Nxd6 19. Qd4 f6 20. g4 Bc6 21.
Re1 Bxd5 22. Qxd5+ Kg7 23. Rde2 Rf7 24. h4 c6 25. Qd4 Nb5 26. Qxd8 Rxd8 27.
Bxb5 axb5 28. c3 Rd3 29. Re3 Rxe3 30. Rxe3 Rd7 31. Kc2 Kf7 32. g5 fxg5 33. fxg5
Rd5 34. Re4 Rd6 35. Rf4+ Ke7 36. Rf3 Re6 37. Kd3 Rd6+ 38. Ke2 Rd5 39. Rf4 Re5+
40. Kd2 Rc5 41. Ke3 Re5+ 42. Kd2 Re6 43. Kd3 1/2-1/2

[Event "VI Festival A"]
[Site "Roseto degli Abruzzi ITA"]
[Date "2014.05.30"]
[Round "1"]
[White "Colantuono, Virginia"]
[Black "Bria, Simone"]
[WhiteElo "1943"]
[BlackElo "1815"]
[Result "1/2-1/2"]
[PlyCount "121"]
[EventDate "2014.05.30"]

1. Nf3 Nf6 2. g3 g6 3. Bg2 Bg7 4. c4 O-O 5. Nc3 d6 6. O-O e5 7. d4 Nc6 8. d5
Ne7 9. e4 Bg4 10. Qc2 Qd7 11. Rd1 Bh3 12. b4 Nh5 13. c5 Bxg2 14. Kxg2 f5 15.
Ng5 f4 16. f3 Bh6 17. Ne6 Rf7 18. g4 Ng7 19. g5 Nxe6 20. dxe6 Qxe6 21. gxh6 g5
22. Rg1 Qxh6 23. Nd5 Nc6 24. Bb2 Rg7 25. Kf1 Kh8 26. b5 Na5 27. Rc1 Qh3+ 28.
Qg2 Qd7 29. c6 bxc6 30. bxc6 Nxc6 31. Nf6 Qf7 32. Rxc6 Qxf6 33. Qc2 Qf7 34. Bc3
Qd7 35. Ba5 Rc8 36. Rg2 h5 37. Bb4 Rb8 38. a3 g4 39. fxg4 hxg4 40. Rc4 Qf7 41.
Ba5 Rb1+ 42. Be1 Rb8 43. Ba5 Rb1+ 44. Be1 Rb8 45. Rc3 Rc8 46. Qf2 Qh5 47. Qh4
Qxh4 48. Bxh4 Rg6 49. Bf2 c5 50. Bg1 Rb8 51. Rd2 Kg7 52. Ke2 Kf7 53. Rcd3 Ke7
54. Bf2 Rh6 55. Bg1 Rb1 56. Kf2 Rb8 57. Kg2 a5 58. Rc3 Rhh8 59. Bf2 Rh6 60.
Rdd3 a4 61. Rd2 1/2-1/2

[Event "VI Festival A"]
[Site "Roseto degli Abruzzi ITA"]
[Date "2014.05.30"]
[Round "1"]
[White "Di Pietro, Gabriele"]
[Black "Pecorari, Marcello"]
[WhiteElo "1884"]
[BlackElo "2028"]
[Result "0-1"]
[PlyCount "52"]
[EventDate "2014.05.30"]

1. e4 c5 2. Nf3 d6 3. h3 Nc6 4. Bc4 e6 5. Nc3 Nf6 6. d3 d5 7. exd5 exd5 8. Bb3
Be6 9. Ng5 Bd6 10. Nxe6 fxe6 11. Bg5 O-O 12. O-O Rc8 13. a3 Bb8 14. Bh4 Nd4 15.
Ba2 Nf5 16. Bxf6 Rxf6 17. Qe1 Qd6 18. f4 Nd4 19. Qd2 Rxf4 20. Rxf4 Qxf4 21.
Qxf4 Bxf4 22. Bb1 Rf8 23. Kf2 Bd2+ 24. Kg1 Bxc3 25. bxc3 Ne2+ 26. Kh2 Rf1 0-1

[Event "VI Festival A"]
[Site "Roseto degli Abruzzi ITA"]
[Date "2014.05.30"]
[Round "1"]
[White "Franciosi, Fausto"]
[Black "Marvulli, Dario"]
[WhiteElo "2104"]
[BlackElo "1889"]
[Result "1/2-1/2"]
[PlyCount "128"]
[EventDate "2014.05.30"]

1. Nf3 Nf6 2. d4 e6 3. c4 d5 4. g3 Be7 5. Bg2 O-O 6. O-O c5 7. cxd5 exd5 8. Nc3
Nc6 9. Bg5 Be6 10. Rc1 c4 11. Ne5 h6 12. Nxc6 bxc6 13. Bxf6 Bxf6 14. Na4 Rb8
15. b3 cxb3 16. axb3 Rb4 17. e3 Qd6 18. Nc5 Rb6 19. Rc3 Rfb8 20. Qc2 a6 21. Na4
Rb5 22. Rxc6 Qd7 23. Rxa6 Rxb3 24. Nc5 Qc8 25. Rc1 Rb2 26. Qc3 Rb1 27. Ra1
Rxc1+ 28. Rxc1 Rb6 29. Nxe6 Qxc3 30. Rxc3 fxe6 31. Bf3 Kf7 32. Kg2 Ke7 33. Bd1
Rb4 34. f4 Kd6 35. Kf3 Rb2 36. Bc2 Bd8 37. h3 Ba5 38. Ra3 Be1 39. Ra1 Bxg3 40.
Bd1 Bh4 41. Ra7 Kc6 42. Ra6+ Kd7 43. Ra7+ Kc6 44. Be2 Bf6 45. Ra6+ Rb6 46. Ra2
Rb3 47. Bd1 Rb6 48. Ra7 Rb7 49. Ba4+ Kc7 50. Rxb7+ Kxb7 51. Bd7 Kc7 52. Bxe6
Kd6 53. Bg8 Bh4 54. Bf7 Be7 55. Kg4 Bd8 56. Kf5 Ba5 57. Kg6 Bd2 58. Kxg7 Bxe3
59. f5 Bxd4+ 60. Kxh6 Ke5 61. Kg6 Bf2 62. Be8 Bh4 63. Ba4 Be7 64. Bc2 Bf6
1/2-1/2

[Event "VI Festival A"]
[Site "Roseto degli Abruzzi ITA"]
[Date "2014.05.30"]
[Round "1"]
[White "Manfroi, Andrea"]
[Black "Messina, Enrico"]
[WhiteElo "1907"]
[BlackElo "2169"]
[Result "0-1"]
[PlyCount "58"]
[EventDate "2014.05.30"]

1. e4 c5 2. Nf3 d6 3. d4 cxd4 4. Qxd4 a6 5. c4 Nc6 6. Qd2 g6 7. Nc3 Bh6 8. Qd1
Bg7 9. Bd3 Bg4 10. h3 Bxf3 11. Qxf3 Nf6 12. O-O Rc8 13. Re1 O-O 14. Rb1 Nd7 15.
Bf4 Nde5 16. Bxe5 Bxe5 17. Ne2 Qa5 18. a3 Bxb2 19. Bc2 Qxa3 20. Qxa3 Bxa3 21.
Rxb7 a5 22. Ra1 Bb4 23. Ba4 e6 24. Bb5 Ne5 25. Nd4 g5 26. Kf1 Kh8 27. f3 Nxc4
28. Nc6 Ne3+ 29. Ke2 Nxg2 0-1

[Event "VI Festival A"]
[Site "Roseto degli Abruzzi ITA"]
[Date "2014.05.30"]
[Round "1"]
[White "Naumkin, Igor"]
[Black "Marozzi, Giovanni"]
[WhiteElo "2430"]
[BlackElo "1913"]
[Result "1-0"]
[PlyCount "59"]
[EventDate "2014.05.30"]

1. d4 e6 2. c4 Nf6 3. Nf3 d5 4. Nc3 Be7 5. Bg5 Nbd7 6. cxd5 exd5 7. e3 h6 8.
Bh4 c6 9. Qc2 O-O 10. Bd3 Re8 11. O-O Ne4 12. Bxe4 Bxh4 13. Bh7+ Kh8 14. Bd3
Bf6 15. b4 Nf8 16. b5 Bg4 17. bxc6 bxc6 18. Nd2 Qd6 19. Na4 Bd7 20. Nc5 Ne6 21.
Nxd7 Qxd7 22. Rac1 Rac8 23. Bf5 Qd6 24. Nb3 Rc7 25. Rfd1 Rg8 26. Rd3 Nd8 27.
Rc3 g6 28. Bd3 Re8 29. g3 Kg7 30. Bf1 1-0

[Event "VI Festival A"]
[Site "Roseto degli Abruzzi ITA"]
[Date "2014.05.30"]
[Round "1"]
[White "Rosato, Dario"]
[Black "Bighiu, Gheorghe"]
[WhiteElo "1869"]
[BlackElo "1989"]
[Result "1-0"]
[PlyCount "115"]
[EventDate "2014.05.30"]

1. c4 Nf6 2. Nc3 e6 3. e4 d5 4. e5 d4 5. exf6 dxc3 6. fxg7 cxd2+ 7. Qxd2 Qxd2+
8. Bxd2 Bxg7 9. O-O-O Nc6 10. Nf3 Bd7 11. Bd3 O-O-O 12. Ng5 Be8 13. Be3 h6 14.
Nf3 f5 15. Rhe1 Bh5 16. Be2 e5 17. Rxd8+ Rxd8 18. Nxe5 Nxe5 19. Bxh5 Nd3+ 20.
Kd2 Nf4+ 21. Kc2 Nxh5 22. Bxa7 Bd4 23. Bxd4 Rxd4 24. Kc3 Rg4 25. g3 Nf6 26. f3
Rg7 27. Re5 Rg5 28. Re6 Ng8 29. f4 Rg7 30. Re5 Rg6 31. Rxf5 Kd7 32. Rf7+ Kd6
33. b4 b6 34. Kd4 c5+ 35. bxc5+ bxc5+ 36. Kd3 Nf6 37. f5 Rg4 38. Rxf6+ Ke5 39.
Rxh6 Rd4+ 40. Kc3 Kxf5 41. Rh5+ Ke4 42. Rh4+ Ke3 43. Rh5 Rd3+ 44. Kb2 Rd2+ 45.
Ka3 Rg2 46. Kb3 Rg1 47. Rxc5 Rb1+ 48. Kc2 Rg1 49. Rh5 Kd4 50. c5 Kc4 51. c6
Rg2+ 52. Kb1 Rg1+ 53. Kb2 Kb4 54. a3+ Ka4 55. c7 Rg2+ 56. Kc3 Rg1 57. Rc5 Rxg3+
58. hxg3 1-0

[Event "VI Festival A"]
[Site "Roseto degli Abruzzi ITA"]
[Date "2014.05.30"]
[Round "1"]
[White "Vesce, Emanuele"]
[Black "Puga Villarino, Eloy"]
[WhiteElo "1984"]
[BlackElo "1840"]
[Result "1/2-1/2"]
[PlyCount "50"]
[EventDate "2014.05.30"]

1. e4 c6 2. c4 d5 3. exd5 cxd5 4. cxd5 Nf6 5. Nc3 Nxd5 6. Nf3 e6 7. d4 Bb4 8.
Qb3 Nc6 9. a3 Ba5 10. Bc4 Nb6 11. Bb5 Qd5 12. Qxd5 Nxd5 13. Bd2 Nde7 14. O-O
O-O 15. Rfd1 Rd8 16. Bg5 f6 17. Bf4 g5 18. Be3 Bxc3 19. bxc3 a6 20. Bc4 b5 21.
Ba2 Na5 22. Nd2 Nd5 23. Ne4 Kf7 24. Rac1 h6 25. Nc5 Rb8 1/2-1/2

[Event "VI Festival A"]
[Site "Roseto degli Abruzzi ITA"]
[Date "2014.05.31"]
[Round "2"]
[White "Bighiu, Gheorghe"]
[Black "Bizzarro, Sofia"]
[WhiteElo "1989"]
[BlackElo "1824"]
[Result "1-0"]
[PlyCount "101"]
[EventDate "2014.05.30"]

1. h3 e5 2. e4 Nf6 3. Nf3 Nc6 4. Nc3 Bc5 5. Nxe5 Nxe5 6. d4 Bxd4 7. Qxd4 Nc6 8.
Qe3 d6 9. Bd2 h6 10. g4 Bd7 11. O-O-O Qe7 12. Nb5 Be6 13. Nd4 Nxd4 14. Qxd4 Bd7
15. g5 hxg5 16. Bxg5 Qe5 17. Qxe5+ dxe5 18. Bxf6 gxf6 19. Rg1 O-O-O 20. Rg3 f5
21. Rg7 fxe4 22. Rxf7 Bxh3 23. Rxd8+ Kxd8 24. Bxh3 Rxh3 25. Kd2 b6 26. Ke2 a6
27. Rf5 Rh1 28. Rxe5 Ra1 29. Rxe4 Rxa2 30. Rd4+ Ke7 31. Rb4 a5 32. Rb5 Ra4 33.
Kd3 Rf4 34. Ke3 Rc4 35. c3 Ke6 36. f4 Kf6 37. Kf3 Rc6 38. Rh5 Kg6 39. Kg4 Rf6
40. Rg5+ Kh6 41. Rg8 Kh7 42. Rg5 Kh6 43. f5 Kh7 44. Kf4 Kh6 45. Rg2 Rc6 46. Ke5
Rc5+ 47. Ke6 Rc6+ 48. Ke7 Rc5 49. f6 Re5+ 50. Kf8 Rf5 51. f7 1-0

[Event "VI Festival A"]
[Site "Roseto degli Abruzzi ITA"]
[Date "2014.05.31"]
[Round "2"]
[White "Bria, Simone"]
[Black "Vesce, Emanuele"]
[WhiteElo "1815"]
[BlackElo "1984"]
[Result "0-1"]
[PlyCount "42"]
[EventDate "2014.05.30"]

1. e4 c5 2. Nf3 d6 3. d4 cxd4 4. Qxd4 a6 5. c4 Nc6 6. Qd2 g6 7. b3 Bg7 8. Nc3
Nf6 9. Bb2 O-O 10. Be2 Qa5 11. Bd3 Bg4 12. O-O Bxf3 13. gxf3 Nd4 14. Qe3 Qh5
15. Be2 Nc2 16. Qd2 Bh6 17. f4 Qh4 18. Qxc2 Bxf4 19. Kg2 Qxh2+ 20. Kf3 Qh3+ 21.
Kxf4 e5+ 0-1

[Event "VI Festival A"]
[Site "Roseto degli Abruzzi ITA"]
[Date "2014.05.31"]
[Round "2"]
[White "Marozzi, Giovanni"]
[Black "Manfroi, Andrea"]
[WhiteElo "1913"]
[BlackElo "1907"]
[Result "1-0"]
[PlyCount "65"]
[EventDate "2014.05.30"]

1. e4 c5 2. Nf3 g6 3. Bc4 Nc6 4. O-O Bg7 5. c3 d6 6. d4 cxd4 7. cxd4 Nf6 8. Nc3
O-O 9. h3 Bd7 10. Be3 a6 11. a3 Rc8 12. Ba2 b5 13. Qd2 Na5 14. Bh6 Nc4 15. Bxc4
Rxc4 16. Bxg7 Kxg7 17. e5 dxe5 18. dxe5 Ne4 19. Nxe4 Rxe4 20. Rfd1 Qb6 21. Qxd7
Re2 22. Qd4 Qxd4 23. Rxd4 Rxb2 24. Rd2 Rb3 25. Rd7 Rc8 26. Rxe7 Rcc3 27. Ng5
Rxa3 28. Rxa3 Rxa3 29. Rxf7+ Kg8 30. e6 h6 31. e7 Ra1+ 32. Kh2 hxg5 33. e8=Q#
1-0

[Event "VI Festival A"]
[Site "Roseto degli Abruzzi ITA"]
[Date "2014.05.31"]
[Round "2"]
[White "Marvulli, Dario"]
[Black "Colantuono, Virginia"]
[WhiteElo "1889"]
[BlackElo "1943"]
[Result "1/2-1/2"]
[PlyCount "100"]
[EventDate "2014.05.30"]

1. e4 c5 2. Nc3 Nc6 3. f4 g6 4. Nf3 Bg7 5. Bc4 e6 6. d3 Nge7 7. O-O O-O 8. Qe1
d5 9. Bb3 Na5 10. f5 c4 11. Ba4 exf5 12. e5 a6 13. Bg5 b5 14. Nxd5 Qxd5 15.
Bxe7 bxa4 16. Bxf8 Bxf8 17. Rd1 cxd3 18. Rxd3 Qc5+ 19. Kh1 Qxc2 20. Rc3 Qxb2
21. Ng5 h6 22. Nxf7 Bb7 23. Rf2 Qb6 24. e6 Be4 25. e7 Bxe7 26. Nxh6+ Kg7 27.
Nxf5+ gxf5 28. Rxf5 Bxf5 29. Qxe7+ Kh6 30. Qh4+ Kg6 31. Rg3+ Kf7 32. Qh5+ Bg6
33. Rf3+ Ke7 34. Qe5+ Qe6 35. Qc7+ Ke8 36. Qxa5 Rb8 37. Rf1 Rb5 38. Qxa4 Qe2
39. Qf4 Rf5 40. Qb8+ Kf7 41. Rxf5+ Bxf5 42. Qb3+ Be6 43. Qf3+ Qxf3 44. gxf3
Bxa2 45. Kg2 Kf6 46. Kf2 Ke5 47. Ke3 a5 48. Kd3 Bd5 49. Kc3 Kf4 50. Kb2 Ke5
1/2-1/2